000 00588nam a22002057a 4500
003 OSt
005 20140310182930.0
008 130131t xxu||||| |||| 00| 0 eng d
020 _a9710861093
050 _aBD21
_bZ4 2000
082 _aFIL 128
_bZ8 2000
245 _aPhilosophy made easy
_cFrancisco M. Zulueta, Nestor Edilberto B. Costales, Jr., Artemio S. Luaton
260 _aMandaluyong City
_bNational Book Store
_c2000
300 _axiii, 259 p.
_bill.
_c22 cm.
521 _aCollege
526 _c1210L-1700L
541 _j1
562 _e1
942 _2lcc
_cBK
_kFIL
999 _c17515
_d17515